00000000nam##2200000za#4500
0019.577399
003CaOODSP
00520210624185607
007cr |||||||||||
008150406|2002||||xxc|||||o    f|0| 0 eng|d
040 |aCaOODSP|beng
043 |an-cn---
0861 |aFs97-13/1084E-PDF
1101 |aCanada. |bDepartment of Fisheries and Oceans.
24510|aData record on trawling and trapping effects on humpback shrimp and by catch organisms in Simoom Sound and Northumberland Channel, British Columbia / |h[electronic resource]|cby S. Ong ... [et al.]
260 |aWest Vancouver - British Columbia : |bFisheries and Oceans Canada |c2002.
300 |a52p.|bfigs., references, tables
4901 |aCanadian data report of fisheries and aquatic sciences|vNo. 1084
500 |aOn t.p.: Coastal and Marine Habitat Science Section, West Vancouver Laboratory, West Vancouver. The catalogue number and ISSN for the print edition appear in the PDF version.
546 |a(Résumé en français)
590 |a13-22-Supp|b2013-09-26
7201 |aOng, S.
830#0|aCanadian data report of fisheries and aquatic sciences ;|vNo. 1084|w(CaOODSP)9.505124
85640|ahttp://publications.gc.ca|qPDF|s17,987 KB|uhttps://publications.gc.ca/collections/collection_2013/mpo-dfo/Fs97-13-1084-eng.pdf|yNo. 1084